A pata da gazela (Record no. 64446)

MARC details
000 -LÍDER
campo de controle de tamanho fixo 00314 a2200145 4500
001 - NÚMERO DE CONTROLE
campo de controle 64446
020 ## - ISBN - INTERNATIONAL STANDARD BOOK NUMBER
ISBN - International Standard Book Number 8532207677
040 ## - FONTE DA CATALOGAÇÃO
Instituição que transcreveu o registro Anchieta - Pituba
100 ## - ENTRADA PRINCIPAL--NOME PESSOAL
Nome pessoal Alencar, José de
240 10 - TÍTULO UNIFORME
Título uniforme A pata da gazela
Idioma da obra por
245 10 - TÍTULO
Título A pata da gazela
300 ## - DESCRIÇÃO FÍSICA
Extensão 120
650 #4 - ASSUNTO--TERMO TÓPICO
Cabeçalho tópico ou nome geográfico Ficção brasileira
942 ## - ELEMENTOS DE ENTRADA ADICIONADOS (KOHA)
Tipo de material Koha Livros
Holdings
Situação do descarte Situação das perdas Situação física Não pode ser emprestado Biblioteca de origem Biblioteca atual Data de aquisição Total de empréstimos Número de chamada completo Código de barras Data de último acesso Data do preço efetivo Tipo de material Koha
        Colégio Anchieta - Pituba Colégio Anchieta - Pituba 21/11/2023   869.93 A368p ALE PAT 18710/PIT 21/11/2023 21/11/2023 Livros
        Colégio Anchieta - Pituba Colégio Anchieta - Pituba 21/11/2023   869.93 A368p ALE PAT 18711/PIT 21/11/2023 21/11/2023 Livros